| 000 | 00735nam a22002177a 4500 | ||
|---|---|---|---|
| 005 | 20130528121455.0 | ||
| 010 | _aB-497259-283 | ||
| 020 |
_a9788185018430 _c395.00 |
||
| 035 | _aB-497259-283 | ||
| 037 | _bUBH/Ven | ||
| 082 | _a000 | ||
| 100 | _aDatason, R.P. | ||
| 245 |
_aNew light's MBA entrance examination guide / _cby R.P. Datason & B.L.. Sadana |
||
| 250 | _a51st ed. | ||
| 260 |
_aNew Delhi _bNew Light Publishers _cc2012 |
||
| 270 |
_aB-8, Rattan Jyoti, 18, Rajendra Place _bNew Delhi _e110008 |
||
| 300 |
_axii,various pages _bill. _c28cm(pbk). |
||
| 600 | _dS.L Gulti | ||
| 942 |
_2ddc _cEN _mDAT _h000 |
||
| 999 |
_c74782 _d74782 |
||